| 000 | 00728nam a22002537i 4500 | ||
|---|---|---|---|
| 003 | DO-SdBNP | ||
| 005 | 20230614094922.0 | ||
| 007 | ta | ||
| 008 | 230601b2022 sp ||||| |||| 00| 0 spa d | ||
| 020 | _a9789945222524 | ||
| 040 |
_aDO-SdBNP _bspa _cBNPHU _erda |
||
| 082 | 4 |
_bR788m _222 |
|
| 100 | _983492 | ||
| 245 | 1 | 3 |
_aLa mentira como estrategia psicosocial : _bnaturalmente sincero, socialmente mentiroso / _cNoel de la Rosa |
| 264 | 4 |
_aSanto Domingo : _bBúho, _c2022. |
|
| 300 |
_a281 páginas ; _c24 cm. |
||
| 336 |
_2rdacontent _atexto _btxt |
||
| 337 |
_2rdamedia _asin mediación _bn |
||
| 338 |
_2rdacarrier _avolumen _bnc |
||
| 590 | _aInventariado, 2023/DG | ||
| 700 | _969986 | ||
| 910 | _aDG | ||
| 942 |
_2ddc _cLBS1 |
||
| 999 |
_c53817 _d53817 |
||